000 01107nam a22002774aa4500
003 BOFEUTO
005 20260512160821.0
008 260504t2025 bo gr 000 f spa d
040 _6BOFEUTO
_aBOFEUTO
_cBOFEUTO
041 _aspa
044 _abo
082 _aTE6302
_bM263m
100 _aMamani Valdez, Ivana
_eautor
245 _aAplicación de estrategias de mejora continúa en el Servicio Nacional de Sanidad Agropecuaria e inocuidad alimentaria regional Oruro para mantener el ganado libre de fiebre Aftosa. /
_cIvana Mamani Valdez, Azeñas Gutiérrez Marcelo
260 _aOruro :
_bs/n,
_c2025.
300 _a115 hojas ;
_bgráf, ilus, ;
_c28.5 cm.
500 _aIncluye bibliografía, anexos.
502 _aTrabajo Dirigido, (Licenciatura) -- Universidad Técnica de Oruro, Facultad de Ciencias Económicas, Financieras y Administrativas, Carrera Administración de Empresas, 2025.
650 _aEstrategia
653 _aProducción
653 _aProductos
653 _aCrecimiento
653 _aFiebre Aftosa
700 _aAzeñas Gutiérrez, Marcelo
_etutor
942 _2ddc
_cTE
_n0
999 _c16157
_d16157